00832nam a2200229 i 4500001001000000003000900010005001700019007000300036008004100039020001500080040003000095082001400125100004900139245015400188264004400342300002800386336002700414337004000441338002800481504003900509700005400548000026433DO-SdBNP20250124082802.0ta110317s1996 dr 000 0 spa d a8484001962 aDO-SdBNPbspacBNPHUerda 4bZ214i2221 aZáiter Mejía, Alba Josefina4aut.eautor13aLa identidad social y nacional en dominicana :bun análisis psico-social /cAlba Josefina Záiter Mejía ; prólogo, José R. Torregrosa Peris. aSanto Domingo :bEditora Taller,c1996. a264 páginas ;c26 cm. atextobtxt2rdacontent asin mediaciónbn2sin mediación avolumenbnc2rdacarrier aBibliografía : páginas 258-2641 aTorregrosa Peris, José R.,eprologista4pról.